|
|
|
|
| LEADER |
01352nam a22003614a 4500 |
| 001 |
EBC3414470 |
| 003 |
MiAaPQ |
| 005 |
20200520144314.0 |
| 006 |
m o d | |
| 007 |
cr cn||||||||| |
| 008 |
040121s2004 miu sb 001 0 eng |
| 010 |
|
|
|z 2004001353
|
| 020 |
|
|
|z 0472114034 (cloth : alk. paper)
|
| 035 |
|
|
|a (MiAaPQ)EBC3414470
|
| 035 |
|
|
|a (Au-PeEL)EBL3414470
|
| 035 |
|
|
|a (CaPaEBR)ebr10274284
|
| 035 |
|
|
|a (CaONFJC)MIL242319
|
| 035 |
|
|
|a (OCoLC)604956585
|
| 040 |
|
|
|a MiAaPQ
|c MiAaPQ
|d MiAaPQ
|
| 050 |
|
4 |
|a HD75
|b .B494 2004
|
| 082 |
0 |
4 |
|a 338.9/001
|2 22
|
| 100 |
1 |
|
|a Bergeron, Suzanne.
|
| 245 |
1 |
0 |
|a Fragments of development
|h [electronic resource] :
|b nation, gender, and the space of modernity /
|c Suzanne Bergeron.
|
| 260 |
|
|
|a Ann Arbor :
|b University of Michigan Press,
|c c2004.
|
| 300 |
|
|
|a xiii, 198 p.
|
| 504 |
|
|
|a Includes bibliographical references and index.
|
| 533 |
|
|
|a Electronic reproduction. Ann Arbor, MI : ProQuest, 2015. Available via World Wide Web. Access may be limited to ProQuest affiliated libraries.
|
| 650 |
|
0 |
|a Development economics
|x Philosophy.
|
| 650 |
|
0 |
|a Nation-state
|x Economic aspects.
|
| 650 |
|
0 |
|a Feminist theory.
|
| 655 |
|
4 |
|a Electronic books.
|
| 710 |
2 |
|
|a ProQuest (Firm)
|
| 856 |
4 |
0 |
|u https://ebookcentral.proquest.com/lib/matrademy/detail.action?docID=3414470
|z Click to View
|